Obálka Náhled e-knihy:
PDF Epub
Pro půjčování e-knih musíte být přihlášeni.
Jak si půjčit online?

Numerologie číselných mřížek /

Uloženo v:
Hlavní autor: Kruml, František (Autor)
Médium: E-kniha
Jazyk:Czech
Vydáno: Praha : Volvox Globator, 2010
Vydání:Vyd. 1.
Témata:
On-line přístup:Plný text - pro registrované uživatele NK ČR
Tagy:
Žádné tagy
LEADER 01565nam a2200361 a 4500
001 308659
003 CZ PrSKC
005 20260601215620.0
007 ta
008 101015s2010 xr a e f 000 0 cze
015 |a cnb002130726 
020 |a 9788072077762  |q (váz.) 
035 |a (OCoLC)693934983 
040 |a ABA001  |b cze 
072 7 |a 133  |x Ezoterismus. Okultismus  |2 Konspekt 
080 |a 133.5:51  |2 MRF 
080 |a (035)  |2 MRF 
100 1 |a Kruml, František  |7 xx0108290  |4 aut 
245 1 0 |a Numerologie číselných mřížek /  |c František Kruml 
250 |a Vyd. 1. 
260 |a Praha :  |b Volvox Globator,  |c 2010 
300 |a 251 s. :  |b il. ;  |c 16 cm 
504 |a Obsahuje bibliografii 
650 0 7 |a numerologie  |7 ph115472  |2 czenas 
650 0 9 |a numerology  |2 eczenas 
655 7 |a příručky  |7 fd133209  |2 czenas 
655 9 |a handbooks and manuals  |2 eczenas 
856 4 1 |u https://www.bookport.cz/AccountSaml/SignIn/?idp=https%3A%2F%2Fshibboleth.nkp.cz%2Fidp%2Fshibboleth&returnUrl=/kniha/numerologie-ciselnych-mrizek-7654/  |y Plný text - pro registrované uživatele NK ČR  |4 N 
900 |a ABA001  |b 17 
044 |a xr 
910 |a RBIT002 
998 |d 14074  |a https://core.palmknihy.cz/api/books/14074/cover?sa24y9  |b https://core.palmknihy.cz/api/books/14074/cover/400?fqtqv7  |c https://core.palmknihy.cz/api/books/14074/cover/50?dbe8y4  |e 2049-12-31  |g 258  |i 9788072077762  |j https://core.palmknihy.cz/api/books/14074/preview.epub  |k https://core.palmknihy.cz/api/books/14074/preview.pdf  |l   |q 49  |r 1  |s https://www.palmknihy.cz/kniha/14074  |t ebook  |y 2014  |z 0 
999 |d 308657